Catalog

Record Details

Catalog Search



Úspěšnost programu primární prevence : absolventská práce Cover Image Book Book

Úspěšnost programu primární prevence : absolventská práce Martina Měkutová ; vedoucí práce: Mireia Ryšková

Record details

  • Physical Description: 62 s. tab. v textu

Content descriptions

General Note:
Tisk. chyba na tit. listu
Bibliography, etc. Note:
bibliogr. s. 61

Available copies

  • 2 of 2 copies available at Common Catalog SPOK.

Holds

  • 0 current holds with 2 total copies.
Show All Copies
Location Call Number / Copy Notes Barcode Shelving Location Status Due Date
Jabok Library ABP-0627 424480012897 Absolventské práce Reference -
Jabok Library ABP-0628 424480012896 Depozitář - Absolv. práce Reference -

LDR 00724ntm a22 a 4500
00113893
003CZ-PrJAB
00520030128000000.0
008030128s2002 xr e |||| |cze
009cz
035 . ‡a(CONS)13893
035 . ‡aKPS0010846
040 . ‡a
0410 . ‡acze
10011. ‡78790 ‡aMěkutová, Martina
110 2. ‡aJABOK - Vyšší sociálně pedagogická a teologická škola
2451 . ‡aÚspěšnost programu primární prevence : ‡babsolventská práce ‡cMartina Měkutová ; vedoucí práce: Mireia Ryšková
260 . ‡aPraha ‡c2002
300 . ‡a62 s. ‡btab. v textu
500 . ‡aTisk. chyba na tit. listu
504 . ‡abibliogr. s. 61
653 . ‡aProgram primární prevence ‡aškolní třída ‡aosobnost vychovatele
70011. ‡74733 ‡aRyšková, Mireia ‡d1951-
999 . ‡a627-d ‡c627-d ‡i424480012897 ‡l ‡tP
999 . ‡a628-d ‡c628-d ‡i424480012896 ‡l ‡tP
910 . ‡aABG312
901 . ‡a13893 ‡bUnknown ‡c13893 ‡tbiblio

Additional Resources